Statistics for New York Giants Trivia #2

Click here to take the quiz!

General Stats

  • This quiz has been taken 78 times
  • The average score is 7 of 15

Answer Stats

Trivia Question Answer % Correct
How many Super Bowls have the Giants appeared in?5
91%
How many times has a Giants player won NFL MVP?2
91%
Where did Eli Manning go to college?Ole Miss
88%
What is the name of the stadium the Giants play in?MetLife Stadium
75%
What town do the Giants play home games in?East Rutherford
64%
What number was Amani Toomer?81
62%
What number was Brandon Jacobs when he returned to the Giants from the 49ers?34
43%
In what city was Super Bowl 46 held in which the Giants defeated the Patriots for the 2nd time?Indianapolis
36%
Who was the Giants long snapper in both Super Bowl 42 and 46?Zak DeOssie
36%
Who was the Giants quarterback for Super Bowl 25?Jeff Hostetler
33%
Who is the Giants general manager as of today, October 13, 2016.Jerry Reese
32%
What was the score of Super Bowl XXI when the Giants defeated the Broncos?39-20
23%
What was Stephen Baker's nickname?Stephen Baker the Touchdown Maker
23%
Who coached the Giants before Tom Coughlin?Jim Fassel
19%
In the Divisional Round of the 2007-08 playoffs, who intercepted Tony Romo's pass to clinch victory for the Giants?RW McQuarters
10%

Score Distribution

Percentile by Number Answered

Percent of People with Each Score

Your Score History

You have not taken this quiz